Železo

Bibliographic Details
Main Author: Marčok, Viliam, 1935-2013 (Author)
Format: Article
Language:Slovak
Subjects:

MARC

LEADER 00000cab a2200000 4500
001 vtls011514636
003 SK-MaSNL
005 20260303221145.0
008 230704|1963 xo |||||||||||||||||slo|
015 |a SNBRB 
035 |a (urnnbn)urn:nbn:sk:snk:ar-001gkc 
035 |a (uuid)724cd607-d62e-4679-8aa8-51c78205acfa 
035 |a urn:nbn:sk:snk-abe4gm 
040 |a SNKBUCL  |b slo  |c SNKBUCL  |e AACR2 
041 0 |a slo 
044 |a xo  |c SK 
080 |a 821.162.4-1  |2 2011 
100 1 |a Marčok, Viliam,  |d 1935-2013  |4 aut  |9 99981 
245 1 0 |a Železo  |c Viliam Marčok 
655 7 |a slovenská poézia  |2 SNKPH  |9 70444 
773 0 |t Slovenské pohľady  |g Roč. 79, č. 4 (1963), s. 11 
850 |a Slovenská národná knižnica 
852 |a Slovenská národná knižnica 
958 |a LX 
958 |a BX 
958 |a OND 
958 |a EUIPO 
958 |a article21 
999 |c 2231208  |d 2233138